[Event "Titled Tuesday intern op 14th May Late"]
[Site "Chess.com INT"]
[Date "2024.05.14"]
[Round "4"]
[White "Kujawski, Adam"]
[Black "Zenelaj, Samuel"]
[Result "1-0"]
[WhiteElo "2115"]
[BlackElo "2212"]
[PlyCount "55"]
[EventDate "2024.05.14"]
[EventType "swiss (blitz)"]
[EventRounds "11"]
[EventCountry "USA"]
[SourceTitle "CBM 220 Extra"]
[Source "ChessBase"]
[SourceDate "2024.07.31"]
[SourceVersion "1"]
[SourceVersionDate "2024.07.31"]
[SourceQuality "1"]

1. e4 c5 2. Nf3 d6 3. d4 cxd4 4. Nxd4 Nf6 5. Nc3 a6 6. Bg5 e6 7. f4 Be7 8. Qf3 Qc7 9. 0-0-0 Nbd7 10. Bd3 b5 11. Rhe1 b4 12. Nd5 exd5 13. Nf5 Kf8 14. Nxe7 Kxe7 15. e5 Kd8 16. exf6 gxf6 17. Qxd5 Bb7 18. Qxf7 fxg5 19. Re7 Bc6 20. Bf5 Kc8 21. Qe6 Rd8 22. Rxd6 Bb5 23. Bd3 Ba4 24. b3 Qc5 25. bxa4 Qg1+ 26. Kb2 Ra7 27. Bxa6+ Kb8 28. Rdxd7 1-0

[Event "Titled Tuesday intern op 19th Mar Late"]
[Site "Chess.com INT"]
[Date "2024.03.19"]
[Round "3"]
[White "Paragua, Megan Althea"]
[Black "Zenelaj, Samuel"]
[Result "1-0"]
[WhiteElo "1982"]
[BlackElo "2255"]
[PlyCount "137"]
[EventDate "2024.03.19"]
[EventType "swiss (blitz)"]
[EventRounds "11"]
[EventCountry "USA"]
[SourceTitle "EXT 2025"]
[Source "ChessBase"]
[SourceDate "2024.10.14"]
[SourceVersion "1"]
[SourceVersionDate "2024.10.14"]
[SourceQuality "1"]

1. e4 c5 2. Nf3 d6 3. d4 cxd4 4. Qxd4 Nf6 5. e5 Nc6 6. Bb5 dxe5 7. Qxd8+ Kxd8 8. Bxc6 bxc6 9. Nxe5 Ke8 10. Nc3 e6 11. 0-0 Bb7 12. Bg5 Bd6 13. Nc4 Bc7 14. Rad1 Nd5 15. Ne4 Ba6 16. b3 h6 17. Bc1 Rd8 18. Bb2 f6 19. Nc5 Bxc4 20. bxc4 Nf4 21. g3 Ne2+ 22. Kg2 Kf7 23. Kf3 Bb6 24. Nb3 Nxg3 25. hxg3 a5 26. c5 Bc7 27. Nd4 Rc8 28. Rfe1 Be5 29. Bc3 a4 30. Ne2 Bxc3 31. Nxc3 Rhd8 32. Ne4 Ra8 33. Nd6+ Ke7 34. Re4 Ra5 35. Nf5+ Ke8 36. Nxg7+ Ke7 37. Rxe6+ Kf7 38. Rxd8 Kxg7 39. Rxc6 Rb5 40. Rd7+ Kg6 41. Rdd6 Kg5 42. Rxf6 Rb2 43. Kg2 Rxc2 44. Rxh6 Rxa2 45. Rh8 Kf5 46. Ra8 Ke5 47. Rca6 Rc2 48. Rxa4 Kd5 49. R4a5 Rb2 50. Rd8+ Kc6 51. Rd6+ Kb7 52. Rb6+ Rxb6 53. cxb6 Kb8 54. g4 Kb7 55. g5 Kxb6 56. g6 Kxa5 57. g7 Kb4 58. g8Q Kc5 59. Qe6 Kd4 60. f4 Kd3 61. f5 Kd4 62. f6 Kd3 63. f7 Kd4 64. f8Q Kc3 65. Qc5+ Kd2 66. Qd4+ Kc2 67. Qc6+ Kb1 68. Qb4+ Ka2 69. Qa6# 1-0